000 00467nam a2200181Ia 4500
001 14945
005 20260306164951.0
008 260306t2016||||xx |||||||||||||| ||spa||
041 _aESP
082 _a519.5
_bS66
100 _aSolanas, Antonio
_eAUT
245 0 _aEstadĂ­stica para las ciencias del comportamiento:
_bejercicios comentados
260 _c2016
300 _a242 páginas :
_c28 cm.
650 _aGEN
654 _aCMA
942 _cLIB
_dJUS
_fJUS
_2ddc
_n
999 _c14945
_d14945